Geographic Information System Management and Technology Perspective (Record no. 332266)

000 -LEADER
fixed length control field nam a22 7a 4500
003 - CONTROL NUMBER IDENTIFIER
control field NUST
005 - DATE AND TIME OF LATEST TRANSACTION
control field 20171122101235.0
008 - FIXED-LENGTH DATA ELEMENTS--GENERAL INFORMATION
fixed length control field 171122b xxu||||| |||| 00| 0 eng d
020 ## - INTERNATIONAL STANDARD BOOK NUMBER
International Standard Book Number 9788131411933
040 ## - CATALOGING SOURCE
Transcribing agency 0
082 ## - DEWEY DECIMAL CLASSIFICATION NUMBER
Classification number 910.285 JOS
245 ## - TITLE STATEMENT
Title Geographic Information System Management and Technology Perspective
Statement of responsibility, etc. Edited by Rajul Gajendra Joshi,
260 ## - PUBLICATION, DISTRIBUTION, ETC.
Place of publication, distribution, etc. Indian
Name of publisher, distributor, etc. The Icfai University
Date of publication, distribution, etc. 2010
300 ## - PHYSICAL DESCRIPTION
Extent 228p.
500 ## - GENERAL NOTE
General note H.B
942 ## - ADDED ENTRY ELEMENTS (KOHA)
Source of classification or shelving scheme
Koha item type Book
Call number prefix IESE
Holdings
Withdrawn status Lost status Source of classification or shelving scheme Damaged status Not for loan Collection code Permanent Location Current Location Shelving location Date acquired Total Checkouts Total Renewals Full call number Barcode Checked out Date last seen Date last checked out Price effective from Koha item type
            Institute of Environmental Science and Engineering (IESE) Institute of Environmental Science and Engineering (IESE) General Stacks 11/22/2017 1 1 910.285 JOS IESE-2874 02/19/2026 10/02/2025 10/02/2025 11/22/2017 Book
© 2023 Central Library, National University of Sciences and Technology. All Rights Reserved.